[Event "TCh-FRA Top 12 2015"]
[Site "Montpellier FRA"]
[Date "2015.05.30"]
[Round "1.4"]
[Board "4"]
[White "Terrieux, Kevin"]
[Black "Ragger, Markus"]
[Result "0-1"]
[WhiteTitle "IM"]
[BlackTitle "GM"]
[WhiteElo "2439"]
[BlackElo "2668"]
[WhiteTeam "METZ FISCHER"]
[BlackTeam "BISCHWILLER"]
[WhiteFideId "622591"]
[BlackFideId "1610856"]
[EventDate "2015.05.30"]

1. d4 Nf6 2. c4 g6 3. f3 d5 4. cxd5 Nxd5 5. e4 Nb6 6. Nc3 Bg7 7. Be3 O-O 8. Qd2
Nc6 9. O-O-O Qd6 10. Nb5 Qd7 11. Bh6 Bxh6 12. Qxh6 a6 13. Nc3 Nxd4 14. f4 f6 15.
Nf3 e5 16. fxe5 fxe5 17. Nxe5 Qd6 18. Nf3 c5 19. Ng5 Qe7 20. Nd5 Nxd5 21. Bc4
Kh8 22. Rhf1 Nf6 23. Nxh7 Nxh7 24. Rxf8+ Qxf8 25. Qxg6 Qf4+ 26. Kb1 Bg4 27. Rf1
Qd2 0-1

[Event "TCh-FRA Top 12 2015"]
[Site "Montpellier FRA"]
[Date "2015.05.30"]
[Round "1.4"]
[Board "5"]
[White "Edouard, Romain"]
[Black "Pucher, Sebastien"]
[Result "1-0"]
[WhiteTitle "GM"]
[BlackTitle "FM"]
[WhiteElo "2627"]
[BlackElo "2298"]
[WhiteTeam "BISCHWILLER"]
[BlackTeam "METZ FISCHER"]
[WhiteFideId "633429"]
[BlackFideId "627232"]
[EventDate "2015.05.30"]

1. e4 e5 2. Nf3 Nc6 3. Bb5 g6 4. c3 d6 5. d4 Bd7 6. Bg5 f6 7. Bh4 Bg7 8. a4 Nh6
9. a5 a6 10. Bc4 Qe7 11. O-O Nf7 12. dxe5 dxe5 13. b4 Nd6 14. Bd5 g5 15. Bg3 h5
16. h4 O-O-O 17. Qe2 g4 18. Nfd2 Qe8 19. Nc4 Nxc4 20. Bxc4 Na7 21. Na3 Kb8 22.
Rfb1 f5 23. exf5 Bxf5 24. Re1 e4 25. Qe3 Qc6 26. Rab1 Nb5 27. Bxb5 axb5 28. Qg5
Bg6 29. Nxb5 Rd5 30. Qe7 Rd7 31. Qc5 Qxc5 32. bxc5 Kc8 33. c6 bxc6 34. Na7+ Kd8
35. Be5 Bxe5 36. Nxc6+ Ke8 37. Rb8+ 1-0

[Event "TCh-FRA Top 12 2015"]
[Site "Montpellier FRA"]
[Date "2015.05.30"]
[Round "1.4"]
[Board "6"]
[White "Neiman, Emmanuel"]
[Black "Le Roux, Jean-Pierre"]
[Result "0-1"]
[WhiteTitle "FM"]
[BlackTitle "GM"]
[WhiteElo "2271"]
[BlackElo "2546"]
[WhiteTeam "METZ FISCHER"]
[BlackTeam "BISCHWILLER"]
[WhiteFideId "601616"]
[BlackFideId "609404"]
[EventDate "2015.05.30"]

1. Nf3 Nf6 2. g3 g6 3. Bg2 d5 4. O-O Bg7 5. d3 O-O 6. Nbd2 c5 7. e4 Nc6 8. a4
dxe4 9. dxe4 Qc7 10. c3 b6 11. Re1 Ba6 12. Qc2 Nd7 13. Bf1 Bxf1 14. Rxf1 Na5 15.
b3 Rfd8 16. Bb2 Ne5 17. Nxe5 Qxe5 18. Rad1 Qh5 19. Rfe1 Rd6 20. Nf1 Rad8 21.
Rxd6 Rxd6 22. Kg2 c4 23. b4 Nc6 24. f4 e5 25. Qe2 exf4 26. gxf4 Qh4 27. e5 Rd3
28. Qe4 Qg4+ 29. Kh1 Qf3+ 30. Kg1 Nd8 31. Qxf3 Rxf3 32. Re4 Ne6 33. Rxc4 Nxf4
34. Rc8+ Bf8 35. Ng3 Re3 36. b5 Re1+ 37. Nf1 Kg7 38. c4 Bc5+ 39. Rxc5 bxc5 40.
a5 Rb1 0-1

[Event "TCh-FRA Top 12 2015"]
[Site "Montpellier FRA"]
[Date "2015.05.30"]
[Round "1.4"]
[Board "7"]
[White "Marcelin, Cyril"]
[Black "Taddei, Benoit"]
[Result "1-0"]
[WhiteTitle "GM"]
[BlackTitle "FM"]
[WhiteElo "2476"]
[BlackElo "2354"]
[WhiteTeam "BISCHWILLER"]
[BlackTeam "METZ FISCHER"]
[WhiteFideId "607274"]
[BlackFideId "610151"]
[EventDate "2015.05.30"]

1. d4 d5 2. Bg5 f6 3. Bh4 Nh6 4. e3 Bf5 5. c4 e6 6. Qb3 Nc6 7. Nc3 Bb4 8. Rc1 a5
9. a3 a4 10. Qa2 Ba5 11. cxd5 exd5 12. Bb5 O-O 13. Ne2 Ne7 14. Bxa4 c6 15. O-O
Kh8 16. Bg3 b5 17. Bc2 Bxc2 18. Rxc2 Nhf5 19. Nf4 Nxg3 20. hxg3 Qd6 21. Qb3 Rfb8
22. Na2 g5 23. Nd3 h5 24. Nab4 Kg7 25. Rfc1 Rc8 26. Rc5 Rc7 27. Qd1 Rh8 28. Qf3
Rcc8 29. R5c2 Rh6 30. e4 dxe4 31. Qxe4 h4 32. Nxc6 Nd5 33. Nxa5 1-0

[Event "TCh-FRA Top 12 2015"]
[Site "Montpellier FRA"]
[Date "2015.05.30"]
[Round "1.4"]
[Board "8"]
[White "Benmesbah, Natacha"]
[Black "Maisuradze, Nino"]
[Result "1-0"]
[WhiteTitle "WIM"]
[BlackTitle "WGM"]
[WhiteElo "2199"]
[BlackElo "2279"]
[WhiteTeam "METZ FISCHER"]
[BlackTeam "BISCHWILLER"]
[WhiteFideId "642002"]
[BlackFideId "13601717"]
[EventDate "2015.05.30"]

1. e4 c5 2. Nf3 e6 3. b3 Nc6 4. Bb2 a6 5. g3 d5 6. exd5 exd5 7. Bg2 Qe7+ 8. Kf1
Nf6 9. d4 Bg4 10. dxc5 O-O-O 11. Nc3 Qxc5 12. Na4 Qd6 13. h3 Bh5 14. Bd4 Ne4 15.
Bb6 Re8 16. c4 dxc4 17. g4 Bg6 18. bxc4 Qb4 19. Kg1 Bd6 20. a3 Qxc4 21. Bf1 Qe6
22. Nd4 Nxd4 23. Qxd4 Qe5 24. Rc1+ Kd7 25. Rc7+ Ke6 26. Bc4+ Kf6 27. f4 Bxc7 28.
fxe5+ Bxe5 29. Qd7 Nd6 30. Bd5 Rc8 31. Be3 h6 32. h4 Bc2 33. Nc5 Rhd8 34. g5+
Kg6 35. h5+ Kh7 36. Qg4 Nf5 37. Be4 g6 38. hxg6+ fxg6 39. Bxc2 Nxe3 40. Rxh6+
Kg7 41. Rxg6+ Kf8 42. Qf3+ Ke7 43. Re6# 1-0

[Event "TCh-FRA Top 12 2015"]
[Site "Montpellier FRA"]
[Date "2015.05.30"]
[Round "1.5"]
[Board "1"]
[White "Sokolov, Ivan"]
[Black "Vazquez Igarza, Renier"]
[Result "1-0"]
[WhiteTitle "GM"]
[BlackTitle "GM"]
[WhiteElo "2623"]
[BlackElo "2606"]
[WhiteTeam "L'ECHIQUIER CHALONNAIS"]
[BlackTeam "MONTPELLIER"]
[WhiteFideId "14400030"]
[BlackFideId "3503054"]
[EventDate "2015.05.30"]

1. d4 Nf6 2. c4 e6 3. Nf3 b6 4. Nc3 Bb4 5. e3 O-O 6. Bd3 d5 7. cxd5 exd5 8. Bd2
c5 9. a3 Bxc3 10. Bxc3 c4 11. Bc2 Bg4 12. Qb1 Bxf3 13. gxf3 Nc6 14. Ba4 Ne7 15.
Rg1 a5 16. Ke2 Rb8 17. Qe1 Qd6 18. Bc2 Rfe8 19. Qf1 Ng6 20. Kd2 Qxh2 21. Rg3 Re7
22. Re1 Rbe8 23. Kc1 Ra8 24. f4 Qh5 25. Rh3 Qg4 26. f5 Nh4 27. Qh1 Qg2 28. Rxh4
Qxf2 29. Rh3 1-0

[Event "TCh-FRA Top 12 2015"]
[Site "Montpellier FRA"]
[Date "2015.05.30"]
[Round "1.5"]
[Board "2"]
[White "Fier, Alexandr"]
[Black "Salgado Lopez, Ivan"]
[Result "1/2-1/2"]
[WhiteTitle "GM"]
[BlackTitle "GM"]
[WhiteElo "2632"]
[BlackElo "2616"]
[WhiteTeam "MONTPELLIER"]
[BlackTeam "L'ECHIQUIER CHALONNAIS"]
[WhiteFideId "2107139"]
[BlackFideId "2257327"]
[EventDate "2015.05.30"]

1. d4 Nf6 2. c4 g6 3. Nc3 d5 4. cxd5 Nxd5 5. e4 Nxc3 6. bxc3 Bg7 7. Nf3 c5 8.
Be3 Qa5 9. Qd2 O-O 10. Rc1 Rd8 11. d5 e6 12. Bg5 f6 13. Be3 Nc6 14. Bd3 b6 15.
O-O Ba6 16. Be2 Qa4 17. c4 Na5 18. Qd1 Qxd1 19. Rfxd1 Re8 20. Bd3 Rad8 21. Nd2
Kf7 22. Rc3 f5 23. Ra3 fxe4 24. Bxe4 Bb2 25. Rd3 Kg7 26. Bg5 1/2-1/2

[Event "TCh-FRA Top 12 2015"]
[Site "Montpellier FRA"]
[Date "2015.05.30"]
[Round "1.5"]
[Board "3"]
[White "Cossin, Sebastien"]
[Black "Mista, Aleksander"]
[Result "0-1"]
[WhiteTitle "IM"]
[BlackTitle "GM"]
[WhiteElo "2516"]
[BlackElo "2556"]
[WhiteTeam "L'ECHIQUIER CHALONNAIS"]
[BlackTeam "MONTPELLIER"]
[WhiteFideId "618802"]
[BlackFideId "1110381"]
[EventDate "2015.05.30"]

1. d4 d6 2. e4 Nf6 3. Nc3 g6 4. f3 a6 5. Be3 b5 6. Qd2 Nbd7 7. Nh3 Bb7 8. a4 c6
9. Be2 Bg7 10. O-O O-O 11. Rfd1 Qc7 12. Nb1 Rfd8 13. Na3 e5 14. dxe5 Nxe5 15. c4
bxa4 16. Qb4 Bc8 17. Bb6 Qb7 18. Nc2 Re8 19. Ba5 Qa7+ 20. Nf2 Rb8 21. Qxd6 Rxb2
22. Nd4 Nfd7 23. Qa3 Nxc4 24. Bxc4 Bxd4 25. Rxd4 Qxd4 26. Be1 Rxf2 27. Bxf7+
Kxf7 28. Bxf2 Qc4 29. Rc1 Qb3 30. Qd6 Re6 31. Qf4+ Ke8 32. Qh4 Qb2 33. Rd1 Qc2
34. Re1 Nf8 35. e5 a3 36. Qb4 Qb2 37. Qa5 Nd7 38. f4 a2 39. h3 Bb7 40. Rd1 Qc2
41. Qe1 c5 42. Ra1 Rb6 0-1

[Event "TCh-FRA Top 12 2015"]
[Site "Montpellier FRA"]
[Date "2015.05.30"]
[Round "1.5"]
[Board "4"]
[White "Libiszewski, Fabien"]
[Black "Krasenkow, Michal"]
[Result "1-0"]
[WhiteTitle "GM"]
[BlackTitle "GM"]
[WhiteElo "2531"]
[BlackElo "2610"]
[WhiteTeam "MONTPELLIER"]
[BlackTeam "L'ECHIQUIER CHALONNAIS"]
[WhiteFideId "616834"]
[BlackFideId "1113100"]
[EventDate "2015.05.30"]

1. e4 e5 2. Nf3 Nc6 3. Bb5 a6 4. Ba4 d6 5. O-O Bd7 6. c3 Nge7 7. d4 Ng6 8. d5
Nb8 9. c4 Be7 10. Nc3 O-O 11. Be3 Bg4 12. h3 Bxf3 13. Qxf3 Bg5 14. c5 Bxe3 15.
Qxe3 dxc5 16. Qxc5 Nf4 17. Kh2 Qd6 18. Qe3 b5 19. Bd1 c6 20. g3 Ng6 21. Qb6 Ne7
22. Bg4 h5 23. Bxh5 b4 24. Qb7 Nd7 25. dxc6 Nf6 26. Rad1 Qc5 27. Na4 Qxc6 28.
Qxc6 Nxc6 29. Bf3 Nd4 30. Rxd4 exd4 31. e5 Nd7 32. Bxa8 Rxa8 33. f4 Rd8 34. Rd1
Nf8 35. Kg2 g5 36. Nc5 a5 37. Kf3 gxf4 38. gxf4 Ne6 39. Nxe6 fxe6 40. Ke4 Rc8
41. Rd2 Rc1 42. Kxd4 Rh1 43. Kc4 Rxh3 44. Kb5 Rf3 45. Kxa5 Rxf4 46. Rd8+ Kf7 47.
Rb8 Re4 48. Rxb4 Rxe5+ 49. Kb6 Ke7 50. a4 Rd5 51. a5 Rd6+ 52. Kb5 Rd5+ 53. Ka4
Rd1 54. a6 e5 55. Kb5 Rd5+ 56. Kb6 Rd6+ 57. Ka5 1-0

[Event "TCh-FRA Top 12 2015"]
[Site "Montpellier FRA"]
[Date "2015.05.30"]
[Round "1.5"]
[Board "5"]
[White "Dourerassou, Jonathan"]
[Black "Flear, Glenn C"]
[Result "1-0"]
[WhiteTitle "IM"]
[BlackTitle "GM"]
[WhiteElo "2414"]
[BlackElo "2460"]
[WhiteTeam "L'ECHIQUIER CHALONNAIS"]
[BlackTeam "MONTPELLIER"]
[WhiteFideId "628050"]
[BlackFideId "400165"]
[EventDate "2015.05.30"]

1. e4 e5 2. Nf3 Nc6 3. Nc3 Nf6 4. Bb5 Bc5 5. O-O O-O 6. Nxe5 Nxe5 7. d4 Bd6 8.
f4 Neg4 9. e5 Be7 10. Be2 d6 11. exf6 Nxf6 12. d5 Re8 13. Be3 Bf8 14. Bd4 c5 15.
dxc6 bxc6 16. Bf3 d5 17. Qd3 Bd6 18. g3 Bh3 19. Rfe1 Qd7 20. Qd2 Bf5 21. Bxf6
gxf6 22. g4 Be4 23. Bxe4 dxe4 24. Kh1 Red8 25. Nxe4 Be7 26. Qxd7 Rxd7 27. Rad1
Rad8 28. Rxd7 Rxd7 29. Kg2 Kf8 30. Kf3 Rd5 31. Ng3 Rd2 32. Re2 Rd1 33. h4 Rb1
34. c3 Rd1 35. Nf5 Bc5 36. g5 fxg5 37. hxg5 a5 38. Rh2 Kg8 39. Rh6 Rf1+ 40. Ke4
Re1+ 41. Kd3 Rd1+ 42. Kc4 Rd5 43. Ng3 Bd6 44. Nh5 Rd2 45. Nf6+ 1-0

[Event "TCh-FRA Top 12 2015"]
[Site "Montpellier FRA"]
[Date "2015.05.30"]
[Round "1.5"]
[Board "6"]
[White "Brochet, Philippe"]
[Black "Velten, Paul"]
[Result "0-1"]
[WhiteTitle "IM"]
[BlackTitle "IM"]
[WhiteElo "2382"]
[BlackElo "2457"]
[WhiteTeam "MONTPELLIER"]
[BlackTeam "L'ECHIQUIER CHALONNAIS"]
[WhiteFideId "602469"]
[BlackFideId "681091"]
[EventDate "2015.05.30"]

1. d4 Nf6 2. Nf3 e6 3. Bf4 d5 4. e3 Bd6 5. Bd3 c5 6. dxc5 Bxf4 7. exf4 Qa5+ 8.
Nbd2 Qb4 9. O-O O-O 10. c3 Qxf4 11. b4 b6 12. cxb6 axb6 13. a4 Bb7 14. Qe2 Rc8
15. Rfc1 Nbd7 16. a5 bxa5 17. bxa5 e5 18. a6 Bc6 19. g3 Qh6 20. Nh4 g6 21. Nb3
e4 22. Bb5 Bxb5 23. Qxb5 Ne5 24. Nd4 Nc4 25. Rc2 Qh5 26. Qb1 Re8 27. a7 Ng4 28.
Qd1 Qg5 29. Nb5 Re7 30. Qd4 Rb7 31. Qc5 Qd8 32. Qc6 Rb6 33. Qxa8 Qxa8 34. Nc7
Rb1+ 35. Rxb1 Qxa7 36. Nxd5 e3 37. fxe3 Ncxe3 38. Nxe3 Qxe3+ 39. Kg2 Qe4+ 40.
Kh3 Ne3 0-1

[Event "TCh-FRA Top 12 2015"]
[Site "Montpellier FRA"]
[Date "2015.05.30"]
[Round "1.5"]
[Board "7"]
[White "Favarel, Antoine"]
[Black "Touzane, Olivier"]
[Result "1-0"]
[WhiteTitle "FM"]
[BlackTitle "IM"]
[WhiteElo "2374"]
[BlackElo "2339"]
[WhiteTeam "L'ECHIQUIER CHALONNAIS"]
[BlackTeam "MONTPELLIER"]
[WhiteFideId "642371"]
[BlackFideId "602906"]
[EventDate "2015.05.30"]

1. c4 g6 2. g3 Bg7 3. Bg2 d6 4. Nc3 c6 5. e4 f5 6. exf5 Bxf5 7. d4 Qb6 8. Nge2
Nf6 9. O-O O-O 10. h3 Na6 11. b3 Rad8 12. g4 Bc8 13. d5 Bxg4 14. Be3 Qa5 15.
hxg4 Nxg4 16. Bd4 e5 17. Be3 Nxe3 18. fxe3 Rxf1+ 19. Bxf1 Bh6 20. Qd2 Qb6 21.
Nd1 cxd5 22. cxd5 Nc5 23. Bg2 Rf8 24. Rc1 a5 25. Rc4 Qd8 26. Rg4 b5 27. Ng3 Qc8
28. Bh3 Qd8 29. Qe2 Qb6 30. Bg2 Nd7 31. Ne4 Rf4 32. Kh2 Rf8 33. Rg3 Nf6 34. Ndc3
Nh5 35. Qxh5 Bxe3 36. Qe2 Bf4 37. Kh1 Bxg3 38. Nxg3 Rf2 39. Qxb5 Qd8 40. Qc4 Rc2
41. Kh2 e4 42. Nge2 Qh4+ 43. Kg1 Qe1+ 44. Bf1 e3 45. Qc8+ Kg7 46. Qd7+ Kh8 47.
Qe8+ Kg7 48. Qe7+ Kh6 49. Qxe3+ Kg7 50. Qe7+ Kh6 51. Qxd6 Qd2 52. Qf8+ Kh5 53.
Qf3+ Kh6 54. a3 Qg5+ 55. Bg2 Qe7 56. Qd3 Qc5+ 57. Kh1 Rb2 58. Na4 Qxa3 59. Qh3+
Kg5 60. Qg3+ Kh5 61. Bf3+ Kh6 62. Qh4+ Kg7 63. Qd4+ Kh6 64. Qxb2 Qf8 65. Qd2+ g5
66. Kg2 Qd6 67. Ng3 Qa3 68. Ne4 1-0

[Event "TCh-FRA Top 12 2015"]
[Site "Montpellier FRA"]
[Date "2015.05.30"]
[Round "1.5"]
[Board "8"]
[White "Collas, Silvia"]
[Black "De Seroux, Camille"]
[Result "1-0"]
[WhiteTitle "IM"]
[BlackTitle "WFM"]
[WhiteElo "2306"]
[BlackElo "2115"]
[WhiteTeam "MONTPELLIER"]
[BlackTeam "L'ECHIQUIER CHALONNAIS"]
[WhiteFideId "2902265"]
[BlackFideId "1305620"]
[EventDate "2015.05.30"]

1. c4 Nf6 2. Nc3 g6 3. g3 Bg7 4. Bg2 O-O 5. e4 d6 6. Nge2 c5 7. O-O Nc6 8. d3 a6
9. h3 Rb8 10. a4 Bd7 11. Be3 Ne8 12. d4 cxd4 13. Nxd4 Nc7 14. Nd5 Ne6 15. Nxe6
Bxe6 16. f4 b5 17. cxb5 axb5 18. Rc1 Bxd5 19. exd5 Nb4 20. axb5 Rxb5 21. Rc4 Qa5
22. f5 Qa2 23. b3 Na6 24. fxg6 hxg6 25. Bg5 Rxb3 26. Rc2 Qa3 27. Bxe7 Re8 28.
Bh4 Rd3 29. Qg4 Rd4 30. Qd7 Rf8 31. Rc8 Qe3+ 32. Kh1 f5 33. Rxf8+ Bxf8 34. Qe6+
Qxe6 35. dxe6 Rxh4 36. gxh4 Be7 37. h5 Kg7 38. Bc6 Nc5 39. Bd5 Kh6 40. Ra1 Kg7
41. Ra7 Kf6 42. h6 1-0

[Event "TCh-FRA Top 12 2015"]
[Site "Montpellier FRA"]
[Date "2015.05.30"]
[Round "1.6"]
[Board "2"]
[White "Gajewski, Grzegorz"]
[Black "Fedorchuk, Sergey A."]
[Result "0-1"]
[WhiteTitle "GM"]
[BlackTitle "GM"]
[WhiteElo "2648"]
[BlackElo "2657"]
[WhiteTeam "MULHOUSE PHILIDOR"]
[BlackTeam "EVRY GRAND ROQUE"]
[WhiteFideId "1116207"]
[BlackFideId "14102536"]
[EventDate "2015.05.30"]

1. d4 Nf6 2. c4 e6 3. Nf3 b6 4. g3 Bb7 5. Bg2 Be7 6. O-O O-O 7. Nc3 Ne4 8. Bd2
Bf6 9. Rc1 d6 10. d5 Nxc3 11. Bxc3 Bxc3 12. Rxc3 e5 13. Ne1 Nd7 14. e4 a5 15.
Nc2 Bc8 16. f4 Qe7 17. f5 f6 18. g4 Nc5 19. Rg3 Bd7 20. Ne3 b5 21. b3 bxc4 22.
bxc4 Rab8 23. Rf2 Rb4 24. h4 Rfb8 25. Qe2 Rb1+ 26. Kh2 a4 27. g5 a3 28. Ng4 R1b2
29. Qe3 Rxf2 30. Nxf2 Rb2 31. Ng4 fxg5 32. hxg5 Rxa2 33. Nf6+ Kh8 34. Rh3 gxf6
35. g6 Qg7 36. Rh6 Nxe4 37. Rxh7+ Qxh7+ 38. gxh7 Bxf5 39. Qb3 Rd2 40. Qxa3 Ng5
41. Qb4 Rc2 42. Qb8+ Kxh7 43. Qxc7+ Kg6 44. Kg1 Be4 45. Bxe4+ Nxe4 46. Qc6 Kg5
47. Qa4 Rc1+ 48. Kg2 Kf4 49. Qb3 Rc3 50. Qb1 Rg3+ 51. Kh1 Nf2+ 52. Kh2 e4 53.
Qb2 Ng4+ 54. Kh1 Kf3 55. Qb3+ e3 56. Qd1+ e2 57. Qd3+ Kf2 58. Qd4+ Kf1 0-1

[Event "TCh-FRA Top 12 2015"]
[Site "Montpellier FRA"]
[Date "2015.05.30"]
[Round "1.6"]
[Board "4"]
[White "Riff, Jean-Noel"]
[Black "Battaglini, Gabriel"]
[Result "1/2-1/2"]
[WhiteTitle "GM"]
[BlackTitle "IM"]
[WhiteElo "2488"]
[BlackElo "2451"]
[WhiteTeam "MULHOUSE PHILIDOR"]
[BlackTeam "EVRY GRAND ROQUE"]
[WhiteFideId "611190"]
[BlackFideId "621650"]
[EventDate "2015.05.30"]

1. e4 e6 2. d4 d5 3. Nd2 c5 4. exd5 Qxd5 5. Ngf3 cxd4 6. Bc4 Qd7 7. O-O Nc6 8.
Qe2 Nf6 9. Rd1 a6 10. a4 Bd6 11. Nb3 O-O 12. Nbxd4 Nxd4 13. Rxd4 Qc7 14. Bg5 e5
15. Rh4 Bf5 16. Bxf6 gxf6 17. Bd3 Bg6 18. Rc4 Qd7 19. Rd1 Rfe8 20. Be4 Rad8 21.
Nh4 f5 22. Bd5 Qe7 23. g3 Bb8 24. Rc3 e4 25. Rb3 Rd7 26. c4 Qg5 27. Nxg6 hxg6
28. Bxb7 Rxd1+ 29. Qxd1 e3 30. Rxe3 1/2-1/2

[Event "TCh-FRA Top 12 2015"]
[Site "Montpellier FRA"]
[Date "2015.05.30"]
[Round "1.6"]
[Board "5"]
[White "Relange, Eloi"]
[Black "Degraeve, Jean-Marc"]
[Result "1/2-1/2"]
[WhiteTitle "GM"]
[BlackTitle "GM"]
[WhiteElo "2468"]
[BlackElo "2555"]
[WhiteTeam "EVRY GRAND ROQUE"]
[BlackTeam "MULHOUSE PHILIDOR"]
[WhiteFideId "600822"]
[BlackFideId "600270"]
[EventDate "2015.05.30"]

1. d4 e6 2. c4 Bb4+ 3. Nc3 b6 4. Qc2 Bb7 5. a3 Bxc3+ 6. Qxc3 f5 7. Nf3 Nf6 8. g3
d6 9. Bg2 Qe7 10. O-O O-O 11. b4 Nbd7 12. Bb2 Ne4 13. Qc2 Nef6 14. Qc3 1/2-1/2

[Event "TCh-FRA Top 12 2015"]
[Site "Montpellier FRA"]
[Date "2015.05.30"]
[Round "1.6"]
[Board "6"]
[White "Sokolov, Andrei1"]
[Black "Milliet, Sophie"]
[Result "1-0"]
[WhiteTitle "GM"]
[BlackTitle "IM"]
[WhiteElo "2520"]
[BlackElo "2369"]
[WhiteTeam "MULHOUSE PHILIDOR"]
[BlackTeam "EVRY GRAND ROQUE"]
[WhiteFideId "627089"]
[BlackFideId "623725"]
[EventDate "2015.05.30"]

1. b3 e5 2. Bb2 Nc6 3. e3 Nf6 4. c4 d5 5. cxd5 Nxd5 6. a3 Bd6 7. Qc2 O-O 8. Nf3
Qe7 9. Nc3 Nxc3 10. Qxc3 Bd7 11. Bc4 Kh8 12. h4 f5 13. h5 Rf6 14. h6 gxh6 15. b4
a6 16. O-O-O Re8 17. d4 e4 18. Ne5 Bc8 19. f4 exf3 20. gxf3 f4 21. Nxc6 bxc6 22.
e4 a5 23. e5 axb4 24. axb4 Bxb4 25. exf6 1-0

[Event "TCh-FRA Top 12 2015"]
[Site "Montpellier FRA"]
[Date "2015.05.30"]
[Round "1.6"]
[Board "7"]
[White "Leroy, Didier"]
[Black "Ider, Borya"]
[Result "1-0"]
[WhiteTitle "IM"]
[BlackTitle "IM"]
[WhiteElo "2277"]
[BlackElo "2401"]
[WhiteTeam "EVRY GRAND ROQUE"]
[BlackTeam "MULHOUSE PHILIDOR"]
[WhiteFideId "610950"]
[BlackFideId "4901134"]
[EventDate "2015.05.30"]

1. d4 e6 2. c4 Nf6 3. g3 d5 4. Nf3 dxc4 5. Bg2 Bb4+ 6. Bd2 a5 7. O-O Nc6 8. e3
O-O 9. Qe2 Bd6 10. Qxc4 e5 11. Nc3 h6 12. d5 Nb4 13. a3 b5 14. Nxb5 Nbxd5 15.
Rfc1 a4 16. Nxd6 cxd6 17. Qh4 Ne7 18. Qb4 Be6 19. Ne1 Nfd5 20. Qb5 Rb8 21. Qxa4
Rxb2 22. Qd1 Qd7 23. Nd3 Rbb8 24. a4 Bh3 25. Bh1 Bg4 26. Qf1 f5 27. h3 Bh5 28.
Kh2 e4 29. Ne1 Rb2 30. Rc2 Rfb8 31. a5 Qa7 32. Bg2 Be8 33. Qe2 Rb1 34. Rc1 Rxa1
35. Rxa1 Bb5 36. Qd1 Qa6 37. Qb3 Rc8 38. Nc2 Bc4 39. Qa3 h5 40. Nd4 Rb8 41. Rc1
Rc8 42. Qa4 Nb6 43. Qd1 Nd7 44. Qxh5 Nf6 45. Qg5 Rc5 46. Bb4 Rd5 47. Ne6 Kf7 48.
Nc7 Qc6 49. Nxd5 Qxd5 50. Qf4 Nc8 51. g4 Qb5 52. Bc3 Ne7 53. Bxf6 gxf6 54. Qxd6
fxg4 55. hxg4 Nd5 56. Bxe4 Nxe3 57. fxe3 1-0

[Event "TCh-FRA Top 12 2015"]
[Site "Montpellier FRA"]
[Date "2015.05.30"]
[Round "1.6"]
[Board "8"]
[White "Choisy, Mathilde"]
[Black "Bergez, Luc"]
[Result "0-1"]
[WhiteTitle "WFM"]
[BlackTitle "IM"]
[WhiteElo "2182"]
[BlackElo "2327"]
[WhiteTeam "MULHOUSE PHILIDOR"]
[BlackTeam "EVRY GRAND ROQUE"]
[WhiteFideId "634565"]
[BlackFideId "606600"]
[EventDate "2015.05.30"]

1. e4 e6 2. d4 d5 3. Nc3 Nf6 4. e5 Nfd7 5. f4 c5 6. Nf3 Nc6 7. Be3 Be7 8. Qd2
Qa5 9. a3 a6 10. Be2 f5 11. exf6 Nxf6 12. h3 Nh5 13. O-O-O Ng3 14. Rhe1 Nf5 15.
dxc5 Nxe3 16. Qxe3 O-O 17. Bd3 Bxc5 18. Qd2 h6 19. f5 d4 20. Ne4 Bb4 21. c3 dxc3
22. Nxc3 Bxc3 23. Qxc3 Qxc3+ 24. bxc3 exf5 25. Ne5 0-1

[Event "TCh-FRA Top 12 2015"]
[Site "Montpellier FRA"]
[Date "2015.05.31"]
[Round "2.1"]
[Board "1"]
[White "Riazantsev, Alexander"]
[Black "Krasenkow, Michal"]
[Result "1/2-1/2"]
[WhiteTitle "GM"]
[BlackTitle "GM"]
[WhiteElo "2671"]
[BlackElo "2610"]
[WhiteTeam "METZ FISCHER"]
[BlackTeam "L'ECHIQUIER CHALONNAIS"]
[WhiteFideId "4125029"]
[BlackFideId "1113100"]
[EventDate "2015.05.30"]

1. d4 d5 2. c4 e6 3. Nf3 c6 4. Nc3 dxc4 5. a4 Bb4 6. e4 b5 7. Be2 Bb7 8. O-O a6
9. Bd2 Be7 10. e5 Nd7 11. Qc2 Nh6 12. Bxh6 gxh6 13. Rfd1 O-O 14. Ne4 Qc7 15. Qc1
c5 16. Nd6 Bxd6 17. exd6 Qxd6 18. dxc5 Qe7 19. b4 cxb3 20. c6 b2 21. Qxb2 Bxc6
22. Nd4 Bd5 23. Ra3 Qf6 24. Rg3+ Kh8 25. Bf3 Nb6 26. axb5 axb5 27. Qxb5 Nc4 28.
Bxd5 Qxd4 29. Qb1 Rab8 30. Qc1 Nd2 31. h3 Rb2 32. Rg4 Qe5 1/2-1/2

[Event "TCh-FRA Top 12 2015"]
[Site "Montpellier FRA"]
[Date "2015.05.31"]
[Round "2.1"]
[Board "2"]
[White "Salgado Lopez, Ivan"]
[Black "Svetushkin, Dmitry"]
[Result "1/2-1/2"]
[WhiteTitle "GM"]
[BlackTitle "GM"]
[WhiteElo "2616"]
[BlackElo "2591"]
[WhiteTeam "L'ECHIQUIER CHALONNAIS"]
[BlackTeam "METZ FISCHER"]
[WhiteFideId "2257327"]
[BlackFideId "13900463"]
[EventDate "2015.05.30"]

1. e4 e5 2. Nf3 Nc6 3. d4 exd4 4. Nxd4 Bc5 5. Nxc6 Qf6 6. Qd2 dxc6 7. Nc3 Qe7 8.
Bd3 Be6 9. O-O O-O-O 10. Na4 Bd4 11. c3 Bf6 12. Qe3 Kb8 13. e5 Bxe5 14. Qxe5
Rxd3 15. Qxg7 Qf6 16. Bh6 b6 17. Rfe1 Rd5 18. c4 Rf5 19. Qxf6 Nxf6 20. b3 Ng4
21. Be3 Rd8 22. Rad1 Rxd1 23. Rxd1 Nxe3 24. fxe3 1/2-1/2

[Event "TCh-FRA Top 12 2015"]
[Site "Montpellier FRA"]
[Date "2015.05.31"]
[Round "2.1"]
[Board "3"]
[White "Postny, Evgeny"]
[Black "Sokolov, Ivan"]
[Result "0-1"]
[WhiteTitle "GM"]
[BlackTitle "GM"]
[WhiteElo "2630"]
[BlackElo "2623"]
[WhiteTeam "METZ FISCHER"]
[BlackTeam "L'ECHIQUIER CHALONNAIS"]
[WhiteFideId "2804344"]
[BlackFideId "14400030"]
[EventDate "2015.05.30"]

1. d4 Nf6 2. c4 e6 3. Nf3 d5 4. Nc3 Nbd7 5. Bf4 Bb4 6. cxd5 exd5 7. e3 Ne4 8.
Qc2 g5 9. Bg3 h5 10. Bd3 h4 11. Bxe4 dxe4 12. Qxe4+ Kf8 13. Be5 f6 14. Qg6 fxe5
15. Nxg5 Qf6 16. Nh7+ Rxh7 17. Qxh7 exd4 18. exd4 Qe6+ 19. Kd2 Qf6 20. Rae1 Qf4+
21. Re3 Nf6 22. Qd3 Bf5 23. g3 Bxd3 24. gxf4 Bh7 25. Rh3 Ne4+ 26. Kc1 Be7 27.
Nxe4 Bxe4 28. Re1 Bf5 29. Rb3 Bd6 30. Rb5 c5 31. Rxb7 cxd4 32. Kd1 Rc8 33. Rg1
Bc2+ 34. Ke2 d3+ 35. Ke3 Re8+ 36. Kd2 Bxf4+ 37. Kc3 Rc8+ 38. Kb4 Bxh2 39. Rg6 d2
40. Rh6 Rc7 0-1